| 000 | 01028cam a22003257a 4500 | ||
|---|---|---|---|
| 003 | CHAP | ||
| 005 | 20220329141137.0 | ||
| 008 | 971010s1973 r 00010 d | ||
| 010 | _a63329 | ||
| 011 | _a64301 | ||
| 035 | _a69589 | ||
| 040 | _cCHAP | ||
| 082 |
_a635.25 _bM6 |
||
| 100 | 0 | 0 |
_aMorell Graupera, Damián. _978522 |
| 245 | 0 | _aHay dinero y salud en la cebolla | |
| 260 |
_aBarcelona : _bSintes, _c1973 |
||
| 300 |
_a137 p. _b: ilus. |
||
| 500 | _aIncluye apéndice : El cultivo del puerro | ||
| 590 |
_aBATCH-UPD _b10 _c20130110 _lUCH01 _h0709 |
||
| 590 |
_aBATCH-UPD _b10 _c20130410 _lUCH01 _h0355 |
||
| 590 |
_aBATCH-UPD _b10 _c20130914 _lUCH01 _h0905 |
||
| 590 |
_aCONVERSION _b10 _c20130109 _lUCH01 _h1334 |
||
| 650 | 1 | 4 |
_aAllium porrum. _94445 |
| 650 | 1 | 4 |
_aCebolla. _920749 |
| 901 | _aBK | ||
| 942 | _cLIBRO | ||
| 949 |
_a635.25 M6 _bBC _cLIBRO _d-148222 _eLIBRO _fc.2 _h44171 _i69589 _si |
||
| 949 |
_a635.25 M6 _bBC _cMUT _d-148221 _eMUT _h44170 _i69589 _si |
||
| 949 |
_a635.25 M6 _bP _cLIBRO _d-1801 _eLIBRO _h739 _i69589 _si |
||
| 999 |
_c63329 _d63329 |
||